Finales de Coupe du Monde - Statistiques

Statistiques générales
  • Ce quiz a été pris 5 021 fois
  • Le résultat moyen est 12 sur 14
Statistiques - réponses
Pays % Correct
Argentine
100%
France
100%
Allemagne
99%
Allemagne de l'Ouest
99%
Brésil
99%
Espagne
99%
Italie
98%
Croatie
96%
Uruguay
95%
Pays-Bas
92%
Angleterre
90%
Suède
59%
Hongrie
53%
Tchécoslovaquie
42%
Aucun quiz correspondant
Distribution des résultats
% des personnes avec chaque résultat
Percentile par nombre de réponses
Votre historique - résultats
Vous n’avez pas pris ce quiz